000 00483nab a2200145Ia 4500
003 ES-SlBCS
005 20210601133825.0
008 140529s1985 xxu||||| |||| 00| 0 por d
041 _apor
100 1 _aCapela, Rita Josélia da
_9209352
245 0 0 _aFunçao Geral da Ciência e seu Lugar nos sistemas das Formas Simbólicas
_c Rita Josélia da Capela
650 0 4 _aCiencia
_915905
773 0 _tPresença Filosofica
_gvol. 11, nº. 2-3-4, 1985, págs. 105-119
_wRev966
942 _cAR
999 _c602703
_d602703